Statistics for Most Premier League Goals in a Calendar Year

Click here to take the quiz!

General Stats

  • This quiz has been taken 1,478 times
    (365 since last reset)
  • The average score is 13 of 21

Answer Stats

YearPlayerGoals% Correct
2015Harry Kane27
93%
2018Mohamed Salah28
93%
2008Cristiano Ronaldo26
89%
2016Sergio Agüero27
85%
2009Wayne Rooney22
85%
1994Alan Shearer30
84%
2000Thierry Henry25
81%
2011Robin van Persie35
74%
2019Jamie Vardy29
70%
2013Luis Suárez29
68%
1999Andy Cole23
66%
2003Ruud van Nistelrooy30
66%
2005Frank Lampard20
61%
1998Michael Owen25
58%
1993Teddy Sheringham26
48%
2010Carlos Tevez25
46%
1997Dennis Bergkamp18
37%
1997Ian Wright18
34%
2001Jimmy Floyd Hasselbaink25
30%
2007Robbie Keane19
17%
2014Wilfred Bony21
3%

Score Distribution

Percentile by Number Answered

Percent of People with Each Score

Your Score History

You have not taken this quiz since the last reset